000
00233nam a22001097a 4500
100
_a
Webster
245
_a
The merriam webster synonyms & antonyms
250
_a
2012
260
_b
Merriam -webster
300
_a
443
942
_2
ddc
_c
BK
999
_c
10977
_d
10977